| 000 | 00761nam a2200217Ii 4500 | ||
|---|---|---|---|
| 003 | JO-AjNU | ||
| 008 | 230605s9999||||xx |||||||||||||| ||und|| | ||
| 017 | _a1990/1028 | ||
| 040 |
_aJO-AjNU _bara _erda _cJO-AjNU |
||
| 041 | _aara | ||
| 050 | 1 | 4 | _aPN98.B7.T3364 1991 |
| 100 | 3 |
_aالطاهر، علي جواد, _eauthor _938108 |
|
| 245 | 0 | 0 | _aفوات المحققين: نقد لكتب محققة من التراث |
| 250 | _aط1 | ||
| 264 | 3 | 1 | _aبغداد: دار الشؤون الثقافية، 1990 |
| 300 | _a413ص | ||
| 336 |
_atext _btxt _2rdacontent |
||
| 337 |
_aunmediated _bn _2rdamedia |
||
| 338 |
_avolume _bnc _2rdacarrier |
||
| 650 | 4 |
_aالأدب العربي - تاريخ ونقد - المخطوطات العربية - تحقيق _938109 |
|
| 999 |
_aA15983 _c19551 _d19551 |
||